Čo je a čo nie je reklamná agentúra Typológia prístupov k tvorbe reklamy na Slovensku

Typy reklamy z hľadiska procesu tvorby: reklama ako produkcia predmetov, ako umenie, očakávanie klientov, ako proklamovaná marketingová komunikácia a ako skutočná marketingová komunikácia. O možnej symbióze stratégie a kreativity.

Salvato in:
Dettagli Bibliografici
Autore principale: Timoracký, M.
Natura: Capitolo di libro
Lingua:slovacco
Soggetti:
Tags: Aggiungi Tag
Nessun Tag, puoi essere il primo ad aggiungerne!!

MARC

LEADER 00000naa a2200000 4500
001 r016052
005 20221213114353.9
041 0 |a slo 
044 |a SK 
245 1 0 |a Čo je a čo nie je reklamná agentúra  |b Typológia prístupov k tvorbe reklamy na Slovensku  |c M. Timoracký 
520 |a Typy reklamy z hľadiska procesu tvorby: reklama ako produkcia predmetov, ako umenie, očakávanie klientov, ako proklamovaná marketingová komunikácia a ako skutočná marketingová komunikácia. O možnej symbióze stratégie a kreativity. 
610 2 0 |a reklama 
610 2 0 |a kancelárie 
610 2 0 |a Slovensko 
610 2 0 |a komunikácia 
610 2 0 |a marketing 
610 2 0 |a práca tvorivá 
100 1 |a Timoracký, M.